Tam quốc diễn nghĩa, tập 2

Đã lưu trong:
Chi tiết về thư mục
Định dạng: Sách
Được phát hành: 2007
Các nhãn: Thêm thẻ
Không có thẻ, Là người đầu tiên thẻ bản ghi này!
Thư viện lưu trữ: Mạng thư viện Đại học Đà Nẵng
LEADER 00439nam a22001811a 4500
001 000040803
003 17098
005 20160412023359.0
008 160412s2007 000
082 |a N23212 
245 |a Tam quốc diễn nghĩa, tập 2  |c La Quán Trung 
260 |c 2007 
OWN |a LNN 
999 |a From the UDN01 
TYP |a Monograph 
980 |a Mạng thư viện Đại học Đà Nẵng